Guess The Blue Logos - Statistics

General Stats
  • This quiz has been taken 55 times
  • The average score is 13 of 17
Answer Stats
Picture Answer % Correct
Facebook
98%
Oreo
98%
PayPal
98%
Twitter
98%
Skype
94%
Bluetooth
92%
Volkswagen
90%
Warner Brothers
88%
Windows
88%
Samsung
86%
Hyundai
84%
Linkedin
82%
AT&T
69%
PBS
51%
Unilever
51%
Allianz
43%
Telenor
18%
No matching quizzes found
Score Distribution
Percent of People with Each Score
Percentile by Number Answered
Your Score History
You have not taken this quiz